000 00261nam a2200109Ia 4500
005 20251222152718.0
008 251222s9999||||xx |||||||||||||| ||spa||
082 _a226.67/P85
100 _aPrevost Godard, Gustavo
245 0 _aSerĂ¡n mis Testigos:
942 _cLIB
999 _c29455
_d29455